| 000 | 01337nam0a22003131 4500 | ||
|---|---|---|---|
| 001 | rc\2214709 | ||
| 005 | 20110829170348.4 | ||
| 035 | _a(NLR Aleph) 006620859 | ||
| 090 |
_a7447640 _c7447640 |
||
| 100 | _a20110829d1979 |||y0rusy50 ca | ||
| 101 | 0 | _arus | |
| 102 | _aRU | ||
| 105 | _aa z ||||| | ||
| 200 | 1 |
_aМеханика сплошной среды в примерах и задачах _eУчеб. пособие _f[Сост. доц. В.И. Прокопьев, и. о. доц. В.С. Нустров, и. о. доц. Г.Л. Гасилов] |
|
| 210 |
_aСвердловск _cУрал. гос. ун-т _d1979 |
||
| 215 |
_a108 с. _cил. _d20 |
||
| 300 | _aВ надзаг.: МВ и ССО РСФСР, Урал. гос. ун-т им. А.М. Горького | ||
| 320 | _aБиблиогр.: с. 106-107 | ||
| 700 | 1 |
_aПрокопьев _bВ. П. _f1940- _gВиталий Павлович |
|
| 701 | 1 |
_aГасилов _bГ. Л. _gГеннадий Леонидович |
|
| 701 | 1 |
_aНустров _bВ. С. |
|
| 712 | 0 | 2 |
_aУральский университет им. А. М. Горького _cСвердловск _3RU\NLR\AUTH\889947002 |
| 801 | 0 |
_aRU _bNLR _gpsbo |
|
| 801 | 1 |
_aRU _bELAR _2rusmarc |
|
| 852 |
_aNLR _j80-3/1304 |
||
| 899 |
_aRuMoRGB _jB 80-3/466 |
||
| 899 |
_aRuMoRGB _jB 80-3/467 |
||
| 942 | _cBOOK | ||
| 980 | _aNB | ||